Campamento de ranas / (Record no. 173557)
[ view plain ]
| 000 -CABECERA | |
|---|---|
| campo de control de longitud fija | 00707nam a2200217 u 4500 |
| 005 - FECHA Y HORA DE LA ÚLTIMA TRANSACCIÓN | |
| campo de control | 20220916063537.0 |
| 008 - ELEMENTOS DE LONGITUD FIJA--INFORMACIÓN GENERAL | |
| campo de control de longitud fija | 150126s2007 r 000 0 eng d |
| 020 ## - NÚMERO INTERNACIONAL NORMALIZADO PARA LIBROS | |
| Número Internacional Estándar del Libro | 9781404826823 (13 dígitos) |
| 020 ## - NÚMERO INTERNACIONAL NORMALIZADO PARA LIBROS | |
| Número Internacional Estándar del Libro | 1404826823 (10 dígitos) |
| 035 ## - NÚMERO DE CONTROL DEL SISTEMA | |
| Número de control de sistema | UPN01000201456 |
| 049 ## - COLECCIÓN | |
| Colección | I |
| 050 #4 - SIGNATURA TOPOGRÁFICA DE LA BIBLIOTECA DEL CONGRESO | |
| Número de clasificación | PZ10.3 |
| Número de documento/Ítem | D3.2 |
| 100 1# - ASIENTO PRINCIPAL--NOMBRE PERSONAL | |
| Nombre de persona | Dahl, Michael |
| 9 (RLIN) | 33703 |
| 245 10 - MENCIÓN DE TÍTULO | |
| Título | Campamento de ranas / |
| Mención de responsabilidad, etc. | Michael Dahl ; il. de Sara Schultz ; tr. de Clara Lozano. |
| 260 ## - PUBLICACIÓN, DISTRIBUCIÓN, ETC. | |
| Lugar de publicación, distribución, etc. | Minnesota, USA : |
| Nombre del editor, distribuidor, etc. | Picture Window Books, |
| Fecha de publicación, distribución, etc. | 2007. |
| 300 ## - DESCRIPCIÓN FÍSICA | |
| Extensión | 32 p. : |
| Otras características físicas | il. |
| 440 #0 - MENCIÓN DE SERIE/ASIENTO SECUNDARIO--TÍTULO | |
| Título | Read-it Readers. |
| Nombre de parte o sección de la obra | Nivel azul |
| 650 #0 - ASIENTO SECUNDARIO DE MATERIA - TERMINO TEMATICO | |
| Término de materia o nombre geográfico como elemento de entrada | Animales |
| Subdivisión de forma | Cuentos y leyendas |
| 9 (RLIN) | 234 |
| 650 #7 - ASIENTO SECUNDARIO DE MATERIA - TERMINO TEMATICO | |
| Término de materia o nombre geográfico como elemento de entrada | Literatura infantil estadounidense |
| Fuente del encabezamiento o término | |
| 9 (RLIN) | 9173 |
| 905 ## - TIPO DE MATERIAL | |
| Tipo de material | Infantil |
| Estado de retiro | Estado de pérdida | Fuente del sistema de clasificación o colocación | Estado dañado | No para préstamo | Código de colección | Localización permanente | Ubicación/localización actual | Ubicación en estantería | Fecha de adquisición | Clasificación | Código de barras | Fecha visto por última vez | Número de copia | Tipo de ítem Koha |
|---|---|---|---|---|---|---|---|---|---|---|---|---|---|---|
| Library of Congress Classification | Infantil | Bib. Gregorio Torres Quintero | Bib. Gregorio Torres Quintero | Sala infantil Planta baja | 10/05/2023 | PZ10.3 D3.2 | 301442 | 31/12/2020 | 1 | Libro |
